000
00284nam a2200121Ia 4500
008
190216s9999||||xx |||||||||||||| ||und||
100
_a
Janardhanapillai
245
0
_a
Geometry And Calculus
260
_b
Ajith Book Center
_c
1967
300
_a
354p
650
_a
Geometry
942
_c
BK
999
_c
30581
_d
30581